000 00855cam a22002535a 4500
001 L159316
008 160805s2016 xxk f 000 0 eng d
020 _a978131603902
035 _a(Sirsi) u159316
041 0 _aeng
100 1 _aHula,Richard
245 0 0 _aReclaiming brownfields
_h[electronic resource]
260 _aOxford
_bTaylor & Francis
_c2016
300 _aeBook
520 _aLooks at reclaiming brownfield land from a global perspective. Focuses on policy implementation and evaluation and includes some examples of brownfield case studies.
650 2 4 _aEBOOK
650 2 4 _aBROWNFIELD LAND
650 2 4 _aRECLAMATION
651 4 _aInternational
690 _aEnvironment
_96238
700 1 _aReese, Laura
856 4 0 _uhttps://www.vlebooks.com/
_zView on VLEbooks. Logins for members only from [email protected]
942 _n0
999 _c115799
_d115799